Zákon Národnej rady Slovenskej republiky zo 16. decembra 1993 č. 312/1993 Z.z. o spotrebnej dani z tabaku a tabakových výrobkov

Bibliographic Details
Format: Article
Language:Slovak
Subjects:

MARC

LEADER 00000nab a2200000 a 4500
001 vtls000520832
003 SK-MaSNL
005 20260304101504.0
008 250426c1994 xo 0 slo
015 |a SNBRB19rr/mm-uuuuu 
035 |a CL0520970 
035 |a urn:nbn:sk:snk-ab7631 
035 |a (uuid)a452339a-a86e-4575-a345-70795034a9a8 
035 |a (urnnbn)urn:nbn:sk:snk:ar-a0719f 
035 |a (sysno)vtls000520832 
040 |a SNKBUCL  |b slo  |c SNKBUCL  |e AACR2 
041 0 |a slo 
044 |a xo  |c SK 
080 |a 340.130:336.22:663.97  |2 1981 
080 |a 336.22  |2 1981 
080 |a 663.97  |2 1981 
245 0 0 |a Zákon Národnej rady Slovenskej republiky zo 16. decembra 1993 č. 312/1993 Z.z. o spotrebnej dani z tabaku a tabakových výrobkov 
650 0 7 |a tabak  |2 snkbucl  |9 4249 
650 0 7 |a tabakové výrobky  |2 snkbucl  |9 4250 
650 0 7 |a daň spotrebná  |2 snkbucl  |9 894003 
650 0 7 |a Zákon NR SR o spotrebnej dani z tabaku a tabakových výrobkov  |2 snkbucl  |9 982310 
655 7 |a články z novín a časopisov  |2 snkbucl  |9 267496 
773 0 |t Mzdy a financie  |g Č. 5 (1994), s. 79-91 
850 |a Slovenská národná knižnica 
852 |a Slovenská národná knižnica 
958 |a article27 
958 |a OND 
958 |a RK 
992 |a RBX 
999 |c 2841981  |d 2843911